000
00320nam a2200133Ia 4500
008
151213s9999 xx 000 0 und d
100
_a
Joan Gorahan
245
_a
Mass Media
_c
Joan Gorahan
260
_a
U S A
_b
Mc Graw Hill
_c
2002
300
_a
1987 p.
650
_a
Reference
700
_a
Joan Gorahan
999
_c
1454
_d
1454